Coupe du Monde de Football - Participant ? #4 - Statistiques

Statistiques générales
  • Ce quiz a été pris 60 fois
  • Le résultat moyen est 11 sur 15
Statistiques - réponses
Hint Réponse % Correct
Sri Lanka Incorrect
98%
Belgique Correct
96%
Tunisie Correct
92%
Canada Correct
92%
Côte d'Ivoire Correct
90%
Oman Incorrect
90%
Équateur Correct
88%
Roumanie Correct
84%
Kazakhstan Incorrect
82%
Bolivie Correct
69%
Albanie Incorrect
65%
Irak Correct
59%
Israël Correct
57%
Finlande Incorrect
57%
Indonésie Correct
22%
Aucun quiz correspondant
Distribution des résultats
% des personnes avec chaque résultat
Percentile par nombre de réponses
Votre historique - résultats
Vous n’avez pas pris ce quiz